| 000 | 01200nam a2200277 a 4500 | ||
|---|---|---|---|
| 001 | 000018864 | ||
| 003 | DO-SdBNP | ||
| 005 | 20240503180457.0 | ||
| 008 | 100519s1976 mx a 000 0 spa d | ||
| 040 |
_aDO-SdBNP _bspa _cBNPHU |
||
| 049 | _aBNGR | ||
| 082 |
_a304.666 _bI43e |
||
| 240 | 1 | 0 |
_aInformation, education, and communication for population and family planning. _lEspañol. |
| 245 | 0 | 0 |
_aInformación, enseñanza y comunicación en la planificación familiar y de población / _ccompilado por W. Bert Johnson, Frank Wilder, Donald J. Bogue ; traducción de René Cárdenas Barrios. |
| 260 |
_aMéxico : _bDiana, _c1976. |
||
| 300 |
_a337 p. : _bil. ; _c22 cm. |
||
| 534 |
_pTítulo original en inglés: _tInformation, education, and communication for population and family planning. _cChicago : Community and Family Study Center University of Chicago, 1973 |
||
| 650 | 4 |
_aControl natal _926741 |
|
| 650 | 4 |
_a Política social _985378 |
|
| 650 | 4 |
_a Política social _985378 |
|
| 700 | 1 |
_aJohnson, W. Bert, _ecomp. _940636 |
|
| 700 | 1 |
_aWilder, Frank, _ecomp. _940637 |
|
| 700 | 1 |
_aBogue, Donald J., _ecomp. _940638 |
|
| 700 | 1 |
_aCárdenas Barrios, René, _etr. _912537 |
|
| 942 |
_2ddc _cLBS1 |
||
| 999 |
_c18383 _d18383 |
||